Movies Quiz

Random Movies or Star Wars Quiz

Star Wars Crawl (Episode III) Quiz Stats

 Plays Quiz Updated Apr 18, 2014

Challenge
Share
Tweet
Embed
Score 0/75 Timer 06:00
0 Plays Today
% Correct
a
96.1%
a
96.1%
The
93.5%
the
93.5%
the
93.5%
the
93.5%
the
93.5%
the
93.5%
the
93.5%
the
93.5%
Jedi
82.6%
War!
75.8%
is
73.5%
is
73.5%
In
73.2%
of
66.6%
Republic
66.4%
Republic
66.4%
Palpatine,
65.8%
to
63.3%
to
63.3%
Chancellor
61.7%
Chancellor...
61.7%
General
61.7%
and
60%
Sith
59.9%
Senate.
58.8%
Grievous,
57.6%
Galactic
56.6%
on
56.2%
Dooku.
55.5%
Count
55%
Knights
52.9%
Evil
52.2%
Army
51.3%
lead
51.1%
rescue
50.6%
has
50.4%
% Correct
droid
50%
Droid
50%
Lord,
49%
leader,
48.2%
leader
48.2%
kidnapped
44.2%
two
43.9%
are
43.5%
mission
39.3%
There
38.8%
under
37.6%
Separatist
34.2%
As
32.8%
by
32.8%
move,
32.3%
everywhere.
31.4%
with
31.2%
capital
29%
capital
29%
sides.
28.2%
both
28.2%
heroes
27.3%
desperate
27.1%
their
24.8%
captive
24.5%
crumbling
24.5%
flee
23.2%
into
23.1%
attacks
22.6%
hostage,
20.2%
stunning
19.3%
attempts
17.2%
swept
17%
ruthless
16.4%
fiendish
16.3%
besieged
15.6%
valuable
15%

You're not logged in!

Compare scores with friends on all Sporcle quizzes.
OR
Log In

You Might Also Like...

Show Comments

Extras

Top Quizzes Today


Score Distribution

Your Account Isn't Verified!

In order to create a playlist on Sporcle, you need to verify the email address you used during registration. Go to your Sporcle Settings to finish the process.

Report this User

Report this user for behavior that violates our Community Guidelines.

Details: